LEADER 01022nam 2200361Ia 450 001 996391341403316 005 20210104171813.0 035 $a(CKB)4940000000098242 035 $a(EEBO)2240869450 035 $a(OCoLC)ocn953793068e 035 $a(OCoLC)953793068 035 $a(EXLCZ)994940000000098242 100 $a20160720d1534 uy 0 101 0 $aeng 135 $aurbn||||a|bb| 200 04$a[An almanack for [?] years]$b[electronic resource] 210 $a[London? $cWynkyn de Worde?$d1534?] 215 $a[2]+ p 300 $aTitle and imprint suggested by STC. 300 $aImperfect: a fragment. 300 $aReproduction of original in: British Library. 330 $aeebo-0018 606 $aAstrology$vEarly works to 1800 608 $aAlmanacs.$2rbgenr 608 $aEphemerides.$2rbgenr 615 0$aAstrology 702 $aWorde$b Wynkyn de$f-1534?, 801 0$bUMI 801 1$bUMI 906 $aBOOK 912 $a996391341403316 996 $aYears$92393464 997 $aUNISA LEADER 01516nam 2200445Ka 450 001 9910695547903321 005 20070208103127.0 035 $a(CKB)5470000002371292 035 $a(OCoLC)82366937 035 $a(EXLCZ)995470000002371292 100 $a20070208d2000 ua 0 101 0 $aeng 181 $ctxt$2rdacontent 182 $cc$2rdamedia 183 $acr$2rdacarrier 200 10$aBOREAS TE-20 soils data over the NSA-MSA and tower sites in raster format$b[electronic resource] /$fHugo Veldhuis, David Knapp 210 1$aGreenbelt, Md. :$cNASA Goddard Space Flight Center,$d[2000] 215 $a1 volume $cdigital, PDF file 225 1 $aTechnical report series on the Boreal Ecosystem-Atmosphere Study (BOREAS) ;$v181 225 1 $aNASA/TM ;$v2000-209891, v. 181 300 $aTitle from title screen (viewed on Feb. 8, 2007). 300 $a"October 2000." 320 $aIncludes bibliographical references. 606 $aData acquisition$2nasat 606 $aEcosystems$2nasat 606 $aForests$2nasat 606 $aSoil mapping$2nasat 615 7$aData acquisition. 615 7$aEcosystems. 615 7$aForests. 615 7$aSoil mapping. 700 $aVeldhuis$b Hugo$01388534 701 $aKnapp$b David$01388535 712 02$aGoddard Space Flight Center. 801 0$bGPO 801 1$bGPO 906 $aBOOK 912 $a9910695547903321 996 $aBOREAS TE-20 soils data over the NSA-MSA and tower sites in raster format$93510349 997 $aUNINA